| 000 | 00629nam a2200241Ia 4500 | ||
|---|---|---|---|
| 005 | 20260121112305.0 | ||
| 008 | 4804 260114s9999 xx 000 0 eng d | ||
| 020 | _a9781783268832 | ||
| 037 | _aEBOOK | ||
| 040 |
_aCRL _beng _cCRL |
||
| 041 |
_aeng _2eng |
||
| 084 | _qCRL | ||
| 100 |
_aWong John _9955231 |
||
| 245 | 0 | _aZhu Rongji and China'S Economic Take-Off | |
| 260 | _bICP | ||
| 260 | _bWorld Scientific | ||
| 260 | _c2016 | ||
| 650 |
_aAsian Studies _9955232 |
||
| 856 | _uhttps://www.worldscientific.com/worldscibooks/10.1142/p1061#t=toc | ||
| 942 | _cEBOOK | ||
| 999 |
_c1542104 _d1542104 |
||